Ochrana spotrebiteľa - zákon

Zákon č. 250/2007 Z.z. o ochrane spotrebiteľa. Zákon upravuje - práva spotrebiteľov; povinnosti výrobcov, predávajúcich, dovozcov a dodávateľov; pôsobnosť orgánov verejnej správy v oblasti ochrany spotrebiteľa; postavenie právnických osôb založených alebo zriadených na ochranu spotrebiteľa. Na čo sa...

ver descrição completa

Na minha lista:
Detalhes bibliográficos
Autor principal: Ondrušová, Katarína
Formato: Capítulo de Livro
Idioma:eslovaco
Assuntos:
Tags: Adicionar Tag
Sem tags, seja o primeiro a adicionar uma tag!

MARC

LEADER 00000naa$a2200000$$$4500
001 0080997
005 20231013072545.5
041 0 |a slo 
044 |a SK 
245 1 0 |a Ochrana spotrebiteľa - zákon  |c Katarína Ondrušová 
520 |a Zákon č. 250/2007 Z.z. o ochrane spotrebiteľa. Zákon upravuje - práva spotrebiteľov; povinnosti výrobcov, predávajúcich, dovozcov a dodávateľov; pôsobnosť orgánov verejnej správy v oblasti ochrany spotrebiteľa; postavenie právnických osôb založených alebo zriadených na ochranu spotrebiteľa. Na čo sa zákon vzťahuje. 
610 2 0 |a ochrana spotrebiteľa 
610 2 0 |a zákony 
610 2 0 |a výrobky 
610 2 0 |a služby 
610 2 0 |a Slovensko 
100 1 |a Ondrušová, Katarína